|
|
|
|
| LEADER |
00000naa2a2200000 4500 |
| 001 |
108327 |
| 005 |
20231031115607.0 |
| 035 |
|
|
|a (RuTPU)RU\TPU\book\116942
|
| 090 |
|
|
|a 108327
|
| 100 |
|
|
|a 20070118d2006 k y0rusy50 ca
|
| 101 |
0 |
|
|a rus
|
| 102 |
|
|
|a RU
|
| 200 |
1 |
|
|a Деловая игра "Эфир-2"
|f А. В. Сафронов, В. М. Горбунов
|
| 320 |
|
|
|a Библиогр.: 1 назв.
|
| 463 |
|
0 |
|0 (RuTPU)RU\TPU\book\108762
|t Молодежь и современные информационные технологии
|o сборник трудов IV Всероссийской научно-практической конференции студентов, аспирантов и молодых ученых, г. Томск, 28 февраля - 2 марта 2006 г.
|f Томский политехнический университет; Молодежь и современные информационные технологии
|v С. 61-63
|d 2006
|p 418 с.
|
| 610 |
1 |
|
|a экономическая эффективность
|
| 610 |
1 |
|
|a деловые игры
|
| 610 |
1 |
|
|a Эфир-2
|
| 610 |
1 |
|
|a инновации
|
| 610 |
1 |
|
|a управление
|
| 610 |
1 |
|
|a студенты
|
| 610 |
1 |
|
|a экономическое образование
|
| 610 |
1 |
|
|a дополнительное образование
|
| 610 |
1 |
|
|a обучение
|
| 610 |
1 |
|
|a труды учёных ТПУ
|
| 700 |
|
1 |
|a Сафронов
|b А. В.
|
| 701 |
|
1 |
|a Горбунов
|b В. М.
|c специалист в области информатики и вычислительной техники
|c доцент Томского политехнического университета, кандидат технических наук
|f 1951-
|g Владимир Михайлович
|2 stltpush
|3 (RuTPU)RU\TPU\pers\28733
|
| 801 |
|
1 |
|a RU
|b 63413507
|c 20070118
|g PSBO
|
| 801 |
|
2 |
|a RU
|b 63413507
|c 20151218
|g RCR
|
| 942 |
|
|
|c BK
|